000 00877nam a22002537a 4500
999 _c33648
_d33648
001 2920
003 CO-MdFUSB
005 20180622073125.0
008 171127t1996 xxu||||| |||| 00| 0 spa d
020 _a1-55883-053-7
040 _aCO-MdFUSB
_bspa
_cCO-MdFUSB
_dCO-MdFUSBC
_erda
041 0 _aspa
_heng
082 0 4 _aR 226.6 K619c
100 1 _aKistemaker, Simon J.
_eautor
245 1 0 _aComentario al Nuevo Testamento
_b : Exposición de los Hechos de los Apóstoles
_c / Simón J. Kistemaker ; Eugenio Orellana, Traductor
264 4 _aGrand Rapids, Michigan :
_bDesafío,
_c©1996
300 _a1055 Pag.
336 _2rdacontent
_atexto
_btxt
337 _2rdamedia
_asin mediación
_bn
338 _2rdacarrier
_avolumen
_bnc
500 _aTítulo original : New Testament commentary: Acts
653 _aBiblia N.T - Hechos de los apóstoles - Comentarios
942 _cBK